Tubara: la encomienda mayor de Tierradentro (Record no. 25737)
[ view plain ]
| 000 -LEADER | |
|---|---|
| campo de control de longitud fija | 00382nam a2200121Ia 4500 |
| 008 - DATOS DE LONGITUD FIJA--INFORMACIÓN GENERAL | |
| campo de control de longitud fija | 231129s9999||||xx |||||||||||||| ||spa|| |
| 020 ## - NÚMERO INTERNACIONAL ESTÁNDAR DEL LIBRO | |
| Número Internacional Estándar del Libro | 958-9176-79-8 |
| 082 ## - NÚMERO DE LA CLASIFICACIÓN DECIMAL DEWEY | |
| Número de clasificación | 986.115 B638t |
| 100 ## - ENTRADA PRINCIPAL--NOMBRE DE PERSONA | |
| Nombre de persona | Blanco Barros Jose Agustin |
| 245 #0 - MENCIÓN DEL TÍTULO | |
| Título | Tubara: la encomienda mayor de Tierradentro |
| 264 ## - PRODUCCIÓN, PUBLICACIÓN, DISTRIBUCIÓN, FABRICACIÓN Y COPYRIGHT | |
| Producción, publicación, distribución, fabricación y copyright | Centro Editorial Javeriano CEJA |
| 942 ## - ELEMENTOS DE ENTRADA SECUNDARIOS (KOHA) | |
| Fuente del sistema de clasificación o colocación | Clasificación Decimal Dewey |
| Tipo de ítem Koha | |
| Estatus retirado | Estado de pérdida | Fuente del sistema de clasificación o colocación | Estado de daño | No para préstamo | Biblioteca de origen | Biblioteca actual | Fecha de adquisición | Total de préstamos | Signatura topográfica completa | Código de barras | Visto por última vez | Precio de reemplazo | Tipo de ítem Koha |
|---|---|---|---|---|---|---|---|---|---|---|---|---|---|
| Clasificación Decimal Dewey | BIBLIOTECA PÚBLICA MUNICIPAL RAMON CORREA MEJIA | BIBLIOTECA PÚBLICA MUNICIPAL RAMON CORREA MEJIA | 09/07/2009 | 986.115 B638t | 27222 | 29/11/2023 | 29/11/2023 | Libros |